| 000 | 00860nam a22002417a 4500 | ||
|---|---|---|---|
| 999 |
_c175624 _d175624 |
||
| 005 | 20200911111853.0 | ||
| 010 | _aENG-128413 | ||
| 020 |
_c599.00 _a9789353942199 |
||
| 035 | _aEN-111945 | ||
| 037 | _bDBAD/PUB | ||
| 082 | _a657.45 | ||
| 100 | _aBasu, Sanjib Kumar | ||
| 245 |
_aAuditing and Assurance: _bFor CA IPCC and B.Com/ _cby Sanjib Kumar Basu: edited by Varun Goenka, Jigyasa Bhatia and G. Sharmilee |
||
| 250 | _a3rd edition | ||
| 260 |
_aNoida _bPearson _c2020 |
||
| 270 |
_a15th floor,Tower-B,Word Trade Tower,Plot no.1,Block-C sec 16, _bNoida _e201301 _k04466540100 _mcompanysecretary.india@pearson.com |
||
| 300 |
_axxiii;593p. _c23.5cm(pbk) _bTables |
||
| 500 | _aIncludes Index, Annexure A and B. | ||
| 700 | _aGoenka, Varun | ||
| 700 | _aBhatia, Jigyasa | ||
| 700 | _aSharmilee, G. | ||
| 942 |
_2ddc _cEN _h657.45 _mBAS |
||